| 000 | 00350cam a2200145ua 4500 | ||
|---|---|---|---|
| 003 | OSt | ||
| 008 | 240115b |||||||| |||| 00| 0 eng d | ||
| 041 | _amal | ||
| 082 |
_a894.8121 _bBHA/PU |
||
| 100 |
_aBhaskaran, P. _94368 |
||
| 245 | _aPuzha pinneyum ozhukunnu / | ||
| 260 |
_aThrissur : _bCurrent Books , _c1962. |
||
| 300 | _a60 ; . | ||
| 942 | _cBK | ||
| 999 |
_c4936 _d4936 |
||